Les 10 Meilleurs Buteurs Du Napoli Depuis 1970 - Statistiques

Statistiques générales
  • Ce quiz a été pris 73 fois
  • Le résultat moyen est 7 sur 10
Statistiques - réponses
Ordre Poste Nationalité Joueur Nombre
De Buts
Nombre de Matchs
Joués avec le club
Saisons au club % Correct
1 A Belgique Dries Mertens 148 397 2013 - 2022
95%
4 M Argentine Diego ArmandoMaradona 115 257 1984 - 1991
93%
5 A Uruguay EdinsonCavani 104 138 2010 - 2013
90%
3 M Slovaquie MarekHamsik 121 520 2007 - 2019
90%
10 A Nigéria VictorOsimhen 76 133 2020 - 2024
87%
7 A Argentine GonzaloHiguain 91 146 2013 - 2016
84%
2 A Italie LorenzoInsigne 122 434 2012 - 2022
80%
8 A Espagne Jose MariaCallejon 82 349 2013 - 2020
62%
6 A Brésil Careca 96 221 1987 - 1994
16%
9 A Italie GiuseppeSavoldi 77 162 1975 - 1979
2%
Aucun quiz correspondant
Distribution des résultats
% des personnes avec chaque résultat
Percentile par nombre de réponses
Votre historique - résultats
Vous n’avez pas pris ce quiz